Estadísticas para Países que tocan el Mar Báltico

Haz click aquí para tomar la prueba!

Estadísticas generales

  • Esta prueba ha sido tomada 2.868 veces
  • La puntuación promedio es 9 de 9

Estadísticas de respuestas

País% Correcto
Estonia
97%
Finlandia
97%
Rusia
97%
Letonia
96%
Lituania
96%
Suecia
96%
Dinamarca
95%
Polonia
94%
Alemania
93%

Distribución de puntuación

Porcentaje por número respondido

Porcentaje de gente con cada puntuación

Historial de tus puntuaciones

No has tomado esta prueba